000 00597nam a22002057a 4500
003 MPLRDC
005 20220105061113.0
008 210129b ||||| |||| 00| 0 eng d
020 _a978-7-5463-2454-8
082 _a308.9 ZGXS
100 _a《中国学生的第一套科普读物.》编委会
245 _a科学小实验
_c
250 _a初版二刷
260 _a中国
_b吉林出版集团有限责任公司
_c2010
300 _b
490 _a中国学生的第一套科普读物
520 _a上架 2017-06-02。
650 _a儿童用科学丛书
942 _cBK
_o308.9 ZGXS
999 _c68862
_d68852